Apêndice Gallach (Registo nº 509)

Detalhes MARC
000 -Etiqueta do registo
Cabeçalho 01111cam a2200373 4500
005 - Identificador da versão
Campo de controlo 20240813121805.0
095 ## -
-- PTBN00957060
010 ## - Número internacional normalizado dos livros (ISBN)
Número (ISBN) 8449403308
Número (ISBN) 84-494-0331-6
Número (ISBN) 84-494-0332-4
035 ## - Other System Control Numbers
System Control Number 0000526
System Control Number 0000523
System Control Number 0000523
System Control Number 0000516
100 ## - Dados gerais de processamento
Dados gerais de processamento 19970409d1996 k y0pory5003 ba
102 ## - Pais de publicação ou produção
País de publicação Portugal
101 1# - Língua de publicação
Língua do texto, banda sonora, etc. Português
215 ## - Descrição física 
Indicação específica da natureza do documento e extensão da espécie 2 v.
Outras indicações físicas il.
Dimensões 30 cm
200 1# - Titulo e menção de responsabilidade
Título próprio Apêndice Gallach
Primeira menção de responsabilidade dir. Carlos Gispert
Outras menções de responsabilidade trad. Fernanda Fonseca
210 ## - Publicação, Distribuição, etc. 
Lugar da edição, distribuição, etc. Lisboa
Nome do editor, distribuidor, etc. Liarte
Data da publicação, distribuição, etc. 1996
327 1# - Nota de conteúdo 
Texto da nota 1º v.: A terra : história natural - geografia ;
-- 2º v.: O homem : raças humanas - história
517 1# - Outras variantes do título
Variant Title <A >terra
Informação de outro título história natural - geografia
Variant Title <O >homem
Informação de outro título raças humanas - história
675 ## - Classificação Decimal Universal (CDU)
Notação 30
Edição BN
Língua da edição por
Edição med
Língua da edição por
Notação 572.9
Edição med
Língua da edição por
Notação 574
Edição BN
Língua da edição por
Edição med
Língua da edição por
Notação 91
Edição med
Língua da edição por
702 ## - Nome de autor-pessoa física (responsabilidade secundária)
Número de registo de entrada de autoridade 0000594
Palavra de ordem Gispert
Outra parte do nome não tomada para palavra de ordem Carlos
Código de função Diretor / Director teatral / Realizador
Número de registo de entrada de autoridade 0000595
ID Autoridade 2
Palavra de ordem Fonseca
Outra parte do nome não tomada para palavra de ordem Fernanda
Código de função Tradutor
942 ## - Elementos de entrada adicionados (Koha)
Tipo de item no Koha Livro
Exemplares
Situação do levantamento Origin of item (home branch) (coded) Biblioteca de empréstimo Código de barras Cota Circulation type (not for loan) Tipo de documento Nota do exemplar Damaged status
  Biblioteca Escolar Eng. Nuno Mergulhão Biblioteca Escolar Eng. Nuno Mergulhão BENM192 0ENC ANG   Cativo Sem mensagem  
  Biblioteca Escolar Eng. Nuno Mergulhão Biblioteca Escolar Eng. Nuno Mergulhão BENM193 0ENC ANG   Cativo Sem mensagem  
  Biblioteca Escolar Eng. Nuno Mergulhão Biblioteca Escolar Eng. Nuno Mergulhão BENM496 0ENC ANG   Cativo Sem mensagem  
  Biblioteca Escolar Eng. Nuno Mergulhão Biblioteca Escolar Eng. Nuno Mergulhão BENM497 0ENC ANG   Cativo Sem mensagem  
  Biblioteca Escolar Eng. Nuno Mergulhão Biblioteca Escolar Eng. Nuno Mergulhão BENM498 0ENC ANG   Cativo Sem mensagem  
  Biblioteca Escolar Eng. Nuno Mergulhão Biblioteca Escolar Eng. Nuno Mergulhão BENM499 0ENC ANG   Cativo Sem mensagem